000 00586nam a2200193 i 4500
001 141840
003 ES-MaACL
005 20230906200400.0
007 t|
008 070928s1920 fr ||||1| fre d
100 1 _aWahl, Jean.
_9115862
245 1 4 _aLes philosophies pluralistes d'Angleterre et d'Amérique /
_cpar Jean Wahl.
260 _aParis :
_bFelix Alcan,
_c1920.
300 _a323 p. ;
_c22 cm.
490 1 _aBibliotheque de philosophie contemporaine
830 0 _aBibliotheque de philosophie contemporaine
_9181027
852 _aES-MaACL
_jB-7211
999 _c141840
_d141840